Step Ladder Quiz Stats

 Plays Quiz Updated Jun 27, 2014

Support Sporcle.
Go Orange.
Score 0/38 Timer 03:00
12 Plays Today
% Correct
???
100%
???
89.5%
???
88.4%
???
87.9%
???
84.8%
???
79.9%
???
79.1%
???
79%
???
78.7%
???
76.2%
???
75%
???
73.9%
???
73.7%
???
73.1%
???
66.5%
???
63.9%
???
62.8%
???
62.4%
???
61.5%
% Correct
???
56.7%
???
53.1%
???
51.3%
???
50.7%
???
49.5%
???
44.8%
???
41.4%
???
39.5%
???
38.7%
???
37.3%
???
33.4%
???
30.4%
???
27.4%
???
26.5%
???
25.5%
???
21.5%
???
18.6%
???
16.6%
???
16.1%

You're not logged in!

Compare scores with friends on all Sporcle quizzes.
OR
Log In

From the Vault

52 Weeks of Action Movies

by MRL

These movies took the director's 'ACTION!' command quite literally.
Remove Ads.
Support Sporcle.
Get the best of Sporcle when you Go Orange. This ad-free experience offers more features, more stats, and more fun while also helping to support Sporcle. Thank you for becoming a member.

Show Comments

Extras

Top Quizzes Today


Score Distribution

Your Account Isn't Verified!

In order to create a playlist on Sporcle, you need to verify the email address you used during registration. Go to your Sporcle Settings to finish the process.

Report this User

Report this user for behavior that violates our Community Guidelines.

Details: